| 000 | 01048cam a22003137a 4500 | ||
|---|---|---|---|
| 003 | CHAP | ||
| 005 | 20220329135633.0 | ||
| 008 | 971013d1981 r 00010 spa d | ||
| 010 | _a39741 | ||
| 011 | _a40713 | ||
| 035 | _a44839 | ||
| 040 | _cCHAP | ||
| 090 | _afolleto 7615 | ||
| 100 | 0 | 0 |
_aFischer, Albert J. _941058 |
| 245 | 1 | 0 |
_aConsideraciones ecológicas para el control de malezas _c/por Albert J. Fischer |
| 260 |
_aChaíngo, Méx. : _bUACH. Depto. de Parasitología Agrícola, _c1981 |
||
| 300 |
_a33 p. _b: gráfs. |
||
| 590 |
_aBATCH-UPD _b10 _c20130110 _lUCH01 _h0000 |
||
| 590 |
_aBATCH-UPD _b10 _c20130110 _lUCH01 _h1308 |
||
| 590 |
_aBATCH-UPD _b10 _c20130410 _lUCH01 _h0823 |
||
| 590 |
_aBATCH-UPD _b10 _c20130914 _lUCH01 _h1250 |
||
| 590 |
_aCONVERSION _b10 _c20130109 _lUCH01 _h1322 |
||
| 650 | 1 | 4 |
_aEcología vegetal. _935188 |
| 650 | 1 | 4 |
_aMalas hierbas _xControl. _970011 |
| 901 | _aBK | ||
| 942 | _cFOLL | ||
| 949 |
_aFolleto 7615 _bBC _cFOLL _d-102693 _eTS1 _i44839 _si |
||
| 949 |
_aFolleto 7615 _bBC _cFOLL _d448392 _eTS2 _fc.2 _i44839 _si |
||
| 999 |
_c39741 _d39741 |
||